Loading...
Cross cultural research and other anthropological essays
| Main Author: | |
|---|---|
| Format: | Printed Book |
| Published: |
New Delhi
Reliance Publishing House
1996
|
| Edition: | 1st ed. |
| Subjects: |
| LEADER | 00573cam a2200193ua 4500 | ||
|---|---|---|---|
| 020 | |a 81-85972-88-5 | ||
| 082 | |a 301 |b GUR/C | ||
| 100 | |a Gurumurthy. K.G | ||
| 245 | 0 | 0 | |a Cross cultural research and other anthropological essays |
| 250 | |a 1st ed. | ||
| 260 | |a New Delhi |b Reliance Publishing House |c 1996 | ||
| 300 | |a 151p. | ||
| 650 | |a Tribal health | ||
| 650 | 0 | |a Peasants | |
| 650 | 0 | |a Anthrapology | |
| 650 | 0 | |a Sociology | |
| 942 | |c BK | ||
| 999 | |c 10095 |d 10095 | ||
| 952 | |0 0 |1 0 |4 0 |6 301_000000000000000_GURC |7 0 |9 10520 |a KUCL |b KUCL |d 2014-05-23 |l 0 |o 301 GUR/C |p 03441 |r 2014-05-23 |y BK | ||